000 00614nam a2200217 a 4500
005 20221119063437.0
008 010615s1989 r 000 0 eng d
020 _a8420677035
035 _aUPN01000108390
049 _aCG
050 4 _aRJ506 A9
_bF7.38
100 1 _aFrith, Uta
245 1 0 _aAutismo :
_bhacia una explicación del enigma /
_cUta Frith ; tr. Angel Riviere.
260 _aMadrid, Esp. :
_bAlianza,
_c1989.
300 _a274 p. :
_bil.
440 0 _aAlianza psicología minor ;
_v3
534 _tAutism : explaining the enigma
650 2 _aAutismo
_9362
902 _aLG/rng
905 _aLibro
999 _c82302
_d82302